000
00307nam a22001337a 4500
008
260225b ||||| |||| 00| 0 eng d
020
_a
9951050050
041
_a
eng
080
_a
2.1
100
_a
20.1
101
_a
his
245
_a
Sindikatat Gjermane dhe Shkrime tjera
_c
Fehmi Agani
942
_2
udc
_c
BK
999
_c
60864
_d
60864